Nazioni vincitrici Giro d'Italia - Statistics

Statistiche generali
  • Questo quiz è stato fatto 51 volte
  • Il punteggio medio è 15 su 17
Statistiche sulle risposte
Continente Vincitori Nazione % Corretto
Europa 3 Francia
100%
Europa 44 Italia
98%
Europa 1 Paesi Bassi
98%
Asia / Europa 3 Russia
98%
America del Nord 1 Stati Uniti
98%
Europa 3 Belgio
96%
America del Nord 1 Canada
96%
Oceania 1 Australia
94%
Europa 2 Spagna
94%
Europa 2 Regno Unito
91%
America del Sud 2 Colombia
87%
America del Sud 1 Ecuador
85%
Europa 2 Slovenia
85%
Europa 3 Svizzera
85%
Europa 1 Svezia
74%
Europa 1 Irlanda
66%
Europa 1 Lussemburgo
66%
Nessun quiz corrispondente trovato
Distribuzione punteggi
Percentuale di utenti per punteggio
Percentile per numero di risposta
I tuoi punteggi nel tempo
Non hai fatto questo quiz